000 00563nam a2200229Ia 4500
008 160819s9999 xx 000 0 und d
020 _a981-232-406-2
050 _aCUL TX 740
050 _b.S38 2004
100 _aScully, Belle.
245 _aFabulous finger foods /
245 _cBelle Scully.
260 _aSingapore :
260 _bTimes Editions,
260 _c2004
300 _a84 pages :
300 _bcolor illustrations ;
300 _c24 cm.
440 _aCelebrity chefs' cookbooks
650 _aAppetizers.
650 _xSnack foods.
999 _c300725
_d300725